Productivity Change in a Multisectoral Economic System
Odhad nárastu produktivity bez zdrojových údajov o podieloch vstupných faktorov, alebo cenách. Hlavný zdroj zmeny produktivity bol technický pokrok. Hlavným ťahúňom bol kapitál, kým nízkokvalifikovaná pracovná sila prispela negatívne.
Saved in:
| Main Author: | |
|---|---|
| Other Authors: | |
| Format: | Book Chapter |
| Language: | English |
| Subjects: | |
| Tags: |
No Tags, Be the first to tag this record!
|
MARC
| LEADER | 00000naa a2200000 4500 | ||
|---|---|---|---|
| 001 | 0223339 | ||
| 005 | 20240502083555.6 | ||
| 041 | 0 | |a eng | |
| 044 | |a GB | ||
| 245 | 1 | 0 | |a Productivity Change in a Multisectoral Economic System |c Mikuláš Luptáčik, Bernhard Mahlberg |
| 520 | |a Odhad nárastu produktivity bez zdrojových údajov o podieloch vstupných faktorov, alebo cenách. Hlavný zdroj zmeny produktivity bol technický pokrok. Hlavným ťahúňom bol kapitál, kým nízkokvalifikovaná pracovná sila prispela negatívne. | ||
| 610 | 2 | 0 | |a input-output |
| 610 | 2 | 0 | |a modely input-output |
| 610 | 2 | 0 | |a metóda input-output |
| 610 | 2 | 0 | |a produktivita |
| 610 | 2 | 0 | |a analýza ekonomická |
| 610 | 2 | 0 | |a ukazovatele ekonomické |
| 100 | 1 | |a Luptáčik, Mikuláš | |
| 700 | 1 | |a Mahlberg, Bernhard | |